Documento del congreso de sociología

Shranjeno v:
Bibliografske podrobnosti
Korporativna značnica: Asociación Panameña de Sociología
Format: Texto
Izdano: Panamá: APSO
Oznake: Označite
Brez oznak, prvi označite!

MARC

LEADER 00000 a a2200000 04500
001 21465
003
040
090 |a 094701  
110 |a Asociación Panameña de Sociología  
245 |a Documento del congreso de sociología  
260 |a Panamá:   |b APSO  
300 |a 79 p.  
999 |c 17318  |d 17318